000 00716nam a2200217Ia 4500
005 20251020182609.0
008 200515s9999 xx 000 0 und d
082 _aSC/621.3/R78-A
100 _aROLDAN, José
245 0 _aManual de automación por contactores
250 _a6a ed.
260 _aBarcelona
260 _c1980
300 _a185
520 _aMontajes prácticos realizados con contactores y aplicados, más especialmente, al arranque, mando y regulación de motores eléctricos, aunque también se exponen otras interesantes aplicaciones de los contactores
650 _aCONTACTORES
650 _aMANUALES
650 _aMOTORES MONOGRAFICOS
650 _aMOTORES TRIFASICOS
942 _cLIB
999 _c3273
_d3273